00737nam a22001697a 450000500170000000800400001702000180005705000220007510000270009724502290012425000320035326000520038530000430043744000330048050400210051365000330053420150323150126.0150323b sp||||| |||| 00| 0 spa d a978842064390804aBJ 1143bD63 20071 aGomez, Carlos (editor)10aDoce textos fundamentales de la ética del siglo XX /cCarlos Gomez (editor), G. E. Moore, L. Wittgenstein, M. Scheler, J.-P. Sartre, E. Bloch, J. Habermas, J. Rawls, Ch. Taylor, P. Ricoeur, J. L. L. Aranguren, J. Muguerza, aTercera reimpresión: 2007 aMadrid, España : bAlianza editorial, c2007. a312 paginas, c18 X 11 centímetros,  aHumanidades vNúmero: 4438 aIncluye: Indice  72LembaFilosofía xÉtica